| 000 | 00335nam a2200109Ia 4500 | ||
|---|---|---|---|
| 008 | 200302s9999 xx 000 0 und d | ||
| 100 | _aMete A sozen Toshikastu Ichinose | ||
| 245 | _aUnderstanding Structures an Introduction to Structural Analysis | ||
| 260 | _bC R C Press Taylor and Francis Group | ||
| 260 | _c2011 | ||
| 300 | _a356 P., | ||
| 999 |
_c4004 _d4004 |
||